Karate-do tradicional: okinawa goju ryu: aplicaciones del kata 1
保存先:
| 第一著者: | |
|---|---|
| フォーマット: | 図書 |
| 言語: | スペイン語 |
| 出版事項: |
Barcelona
Paidotribo
2008
|
| 版: | 2a. ed |
| シリーズ: | Artes Marciales, 3
|
| 主題: | |
| タグ: |
タグ追加
タグなし, このレコードへの初めてのタグを付けませんか!
|
MARC
| LEADER | 00000nam a2200000 a 4500 | ||
|---|---|---|---|
| 001 | UCG3247 | ||
| 003 | CL-VaPUC | ||
| 008 | 100819e20080000SP |||||||||||||||||spa|d | ||
| 020 | |a 9788480193290 | ||
| 082 | 0 | 4 | |a 796.815 |b HIG |2 21 |
| 100 | |a Higaonna, Morio |e author |9 552210 | ||
| 245 | 1 | 0 | |a Karate-do tradicional: okinawa goju ryu: aplicaciones del kata 1 |
| 250 | |a 2a. ed | ||
| 300 | |a 215 p | ||
| 942 | |c BK | ||
| 945 | |d 20100819 00:00:00 |a mfarfan | ||
| 260 | |a Barcelona |b Paidotribo |c 2008 | ||
| 650 | 7 | |a KARATE |2 CL-VaPUC |9 342888 | |
| 650 | 0 | |a Actividad física |9 362156 | |
| 650 | 7 | |a ENTRENAMIENTO FISICO |2 CL-VaPUC |9 307393 | |
| 650 | 7 | |a DEPORTE DE COMBATE |2 CL-VaPUC |9 355497 | |
| 583 | |a last modification |c 20100819 00:00:00 |k Rodrigo Vera | ||
| 490 | 0 | |a Artes Marciales, 3 | |
| 999 | |c 342318 |d 342316 | ||
| 952 | |0 0 |1 0 |4 0 |6 796_815000000000000_HIG_2008 |7 0 |8 C |9 438462 |a BIBCUR |b BIBCUR |d 2019-11-22 |i 4707567 |l 1 |o 796.815 HIG 2008 |p 4707567 |r 2025-04-22 |s 2025-01-06 |w 2019-11-22 |y BK |k DEN | ||